The Desperate Pursuit / (Record no. 186801)
[ view plain ]
| 000 -LEADER | |
|---|---|
| fixed length control field | 00908 a2200169 4500 |
| 003 - CONTROL NUMBER IDENTIFIER | |
| control field | Nust |
| 005 - DATE AND TIME OF LATEST TRANSACTION | |
| control field | 20230120103221.0 |
| 040 ## - CATALOGING SOURCE | |
| Transcribing agency | Nust |
| 082 ## - DEWEY DECIMAL CLASSIFICATION NUMBER | |
| Classification number | 808.83,BEL |
| 100 ## - MAIN ENTRY--PERSONAL NAME | |
| Personal name | Bell,Neil |
| 9 (RLIN) | 107214 |
| 245 ## - TITLE STATEMENT | |
| Title | The Desperate Pursuit / |
| Statement of responsibility, etc. | Neil Bell |
| 260 ## - PUBLICATION, DISTRIBUTION, ETC. | |
| Place of publication, distribution, etc. | London |
| Name of publisher, distributor, etc. | Collins |
| Date of publication, distribution, etc. | 1941; |
| 300 ## - PHYSICAL DESCRIPTION | |
| Extent | 318:p |
| 505 ## - FORMATTED CONTENTS NOTE | |
| Formatted contents note | A Plot of English Earth (Page-11), Concerning Robert Selby (Page-28), Family feuds and Friendships (Page-46), Our World is Enlarged (Page-66), Andrew Gowett and Martin Penrose (Page-92), Sr. James’s fair Dunwich (Page-102), Fall into Sin (Page-127), We Assist at an Exodus (Page-151), Life and Death (Page-164), The Wreck (Page-182), We Make up our Minds (Page-215), A Strange Turn (Page-228), Concerning Myself and Another (Page-247), Seven Years (Page-257), Voyage of the “Mary Anne” (Page-275), Sourthwold and Southold (Page-303). |
| 650 ## - SUBJECT ADDED ENTRY--TOPICAL TERM | |
| Topical term or geographic name entry element | Novel |
| 9 (RLIN) | 2525 |
| 942 ## - ADDED ENTRY ELEMENTS (KOHA) | |
| Source of classification or shelving scheme | |
| Koha item type | Book |
| Withdrawn status | Lost status | Source of classification or shelving scheme | Damaged status | Not for loan | Permanent Location | Current Location | Shelving location | Date acquired | Full call number | Barcode | Date last seen | Price effective from | Koha item type | Public note |
|---|---|---|---|---|---|---|---|---|---|---|---|---|---|---|
| Military College of Signals (MCS) | Military College of Signals (MCS) | General Stacks | 12/12/2016 | 808.83,BEL | MCS29851 | 12/08/2016 | 12/12/2016 | Book | Almirah No.56, Shelf No.4 |
